000 00748nam a2200253Ia 4500
003 OSt
005 20220928125024.0
006 a|||||r|||| 00| 0
007 ta
008 220927b |||||||| |||| 00| 0 eng d
020 _c5049.9899999999998
024 _a124198
037 _b95, 22/08/2014, Vardhman Books
_cTextual
040 _aSDCL
_cSDCL
_beng
041 _2eng
_aeng
082 _aB28931, Q4
100 _aButenko Sergiy
_9467620
245 0 _aNumerical methods and optimization
_b An introduction
260 _aBoca Raton
_b CRC Press
_c2014
300 _axvi;397p.
_ccm.
650 _aMathematics
942 _hB28931, Q4
_cTEXL
_2CC
999 _c780493
_d780493